شرح ديوان الحماسة ;; Sharḥ Dīwān al-ḥamāsah : (Record no. 78638)
[ view plain ]
| 000 -LEADER | |
|---|---|
| fixed length control field | 01257nam a2200229 a 4500 |
| 001 - CONTROL NUMBER | |
| control field | 78638 |
| 003 - CONTROL NUMBER IDENTIFIER | |
| rucl marc code | BD-RjUL |
| 005 - DATE AND TIME OF LATEST TRANSACTION | |
| control field | 20220518151349.0 |
| 008 - FIXED-LENGTH DATA ELEMENTS--GENERAL INFORMATION | |
| fixed length control field | 211025s195 le b 001|0 ara d |
| 035 ## - SYSTEM CONTROL NUMBER | |
| System control number | (BD-RjUL)78864 |
| 040 ## - CATALOGING SOURCE | |
| Original cataloging agency | UkCU |
| Modifying agency | UkOxU |
| Language of cataloging | ara |
| Transcribing agency | BD-RjUL |
| 041 ## - LANGUAGE CODE | |
| Language code of text/sound track or separate title | eng/ara |
| 082 ## - DEWEY DECIMAL CLASSIFICATION NUMBER | |
| Edition number | 23 |
| Classification number | 892.71 |
| Author mark and year | TAS 1989 |
| 100 1# - MAIN ENTRY--PERSONAL NAME | |
| Personal name | التبريزي أبو زكريا يحيى بن علي بن محمد بن حسن ;; Al-Tabrizi Abu Zakaria Yahya bin Ali bin Muhammad bin Hassan bin Bastam |
| Dates associated with a name | -1109. |
| 9 (RLIN) | 246908 |
| 245 10 - TITLE STATEMENT | |
| Title | شرح ديوان الحماسة ;; Sharḥ Dīwān al-ḥamāsah : |
| Remainder of title | لأبي تمامli ;; -Abī Tammām / |
| Statement of responsibility, etc. | تأليف التبريزي، يحيى بن علي بن محمد، (421-502 هـ.); أبو تمام، حبيب بن أوس بن الحارث، (188-231 هـ.. ;; taʼlīf al-Khaṭīb al-Tibrīzī Abī Zakarīyā Yaḥyá ibn ʿAlī ibn Muḥammad ibn Ḥasan ibn Busṭām al-Shaybānī ; kataba ḥawāshiyahu Gharīd al-Shaykh ; waḍaʿa fahārisahu al-ʿāmmah Aḥmad Shams al-Dīn. |
| 260 ## - PUBLICATION, DISTRIBUTION, ETC. (IMPRINT) | |
| Place of publication, distribution, etc. | بيروت : |
| Name of publisher, distributor, etc. | عالم الكتب، |
| Date of publication, distribution, etc. | 1989 |
| 300 ## - PHYSICAL DESCRIPTION | |
| Pagination | v. ; |
| Size | 25 cm. |
| 504 ## - BIBLIOGRAPHY, ETC. NOTE | |
| Bibliography, etc | Includes bibliographical references indexes. |
| 505 ## - FORMATTED CONTENTS NOTE | |
| Formatted contents note | Vol.1.--2.-- |
| 650 ## - SUBJECT ADDED ENTRY--TOPICAL TERM | |
| Topical term or geographic name as entry element | Arabic Poem |
| 9 (RLIN) | 249334 |
| 942 ## - ADDED ENTRY ELEMENTS (KOHA) | |
| Source of classification or shelving scheme | Dewey Decimal Classification |
| Koha item type | Books |
| Lost status | Source of classification or shelving scheme | Damaged status | Not for loan | Collection code | Permanent Location | Current Location | Shelving location | Date acquired | Total Checkouts | Full call number | Date last seen | Copy number | Koha item type |
|---|---|---|---|---|---|---|---|---|---|---|---|---|---|
| Dewey Decimal Classification | Not For Loan | Non-fiction | Central Library, University of Rajshahi | Central Library, University of Rajshahi | Reading Room | 25/10/2021 | A 892.71 TAS V-1-2 1989 | 25/10/2021 | C-1 | Books |